| 000 | 01396nam a2200337Ia 4500 | ||
|---|---|---|---|
| 001 | ebr10397552 | ||
| 003 | CaPaEBR | ||
| 006 | m u | ||
| 007 | cr cn||||||||| | ||
| 008 | 100409s2010 nyua sb 001 0 eng d | ||
| 010 | _z 2010015352 | ||
| 020 | _z9789280811896 (pbk.) | ||
| 040 |
_aCaPaEBR _cCaPaEBR |
||
| 035 | _a(OCoLC)748766158 | ||
| 050 | 1 | 4 |
_aJQ36 _b.B85 2010eb |
| 082 | 0 | 4 |
_a320.9501/9 _222 |
| 245 | 0 | 0 |
_aBuilding trust in government _h[electronic resource] : _binnovations in governance reform in Asia / _cedited by G. Shabbir Cheema and Vesselin Popovski. |
| 260 |
_aNew York : _bUnited Nations University Press, _cc2010. |
||
| 300 |
_axv, 260 p. : _bill. |
||
| 504 | _aIncludes bibliographical references and index. | ||
| 533 |
_aElectronic reproduction. _bPalo Alto, Calif. : _cebrary, _d2010. _nAvailable via World Wide Web. _nAccess may be limited to ebrary affiliated libraries. |
||
| 650 | 0 |
_aTrust _xPolitical aspects _zAsia. |
|
| 650 | 0 |
_aPolitical alienation _zAsia _xPrevention. |
|
| 650 | 0 |
_aOrganizational change _zAsia. |
|
| 651 | 0 |
_aAsia _xPolitics and government _y21st century. |
|
| 655 | 7 |
_aElectronic books. _2local |
|
| 700 | 1 | _aCheema, G. Shabbir. | |
| 700 | 1 | _aPopovski, Vesselin. | |
| 710 | 2 | _aebrary, Inc. | |
| 856 | 4 | 0 |
_uhttp://site.ebrary.com/lib/rucke/Doc?id=10397552 _zAn electronic book accessible through the World Wide Web; click to view |
| 999 |
_c192540 _d192540 |
||